Sur qui est ce film? - Statistiques

Statistiques générales
  • Ce quiz a été pris 121 fois
  • Le résultat moyen est 13 sur 30
Statistiques - réponses
Film Personnage % Correct
Bohemian Rhapsody Freddy Mercury
96%
Cloclo Claude François
90%
8 Mile Eminem
88%
Eiffel Gustave Eiffel
88%
(La) Môme Edith Piaf
79%
Amadeus Mozart
73%
Back to Black Amy Winehouse
69%
A star is born Lady Gaga
68%
First Man-le premierhomme sur la Lune Neil Armstrong
65%
(The) Social Network Mark Zuckerberg
63%
Frida Frida Kahlo
62%
Rocketman Elton John
59%
Simone, le voyagedu siècle Simone Veil
59%
JFK John Kennedy
58%
Ray Ray Charles
55%
Aline Céline Dion
49%
Tolkien J.R.R.Tolkien
39%
I Wanna Dance with somebody Whitney Houston
34%
Flo Florence Arthaud
18%
(Les) Heures Sombres Winston Churchill
15%
Selma Martin Luther King
14%
Walk the line Johnny Cash
11%
Stan et Ollie Laurel et Hardy
8%
Une merveilleuse histoire du temps Stephen Hawkins
7%
(La) Couleur dela victoire Jesse Owens
6%
Raging Bull Jake La Motta
5%
I'm Not There Bob Dylan
4%
Last Days Kurt Cobain
4%
Dernier amour Casanova
3%
(The) Happy Prince Oscar Wilde
1%
Aucun quiz correspondant
Distribution des résultats
% des personnes avec chaque résultat
Percentile par nombre de réponses
Votre historique - résultats
Vous n’avez pas pris ce quiz